Die go[e]ttliche Ordnung in den Vera[e]nderungen des menschlichen Geschlechts, aus der Geburt, dem Tode und der Fortpflanzung desselben D‬ritter Theil

Podrobná bibliografia
Hlavný autor: Süssmilch, Johann Peter, 1707-1767 (Autor)
Médium: Kniha
Jazyk:nemčina
Fyzický popis:XVI, 735, 68 s. 19 cm
Vydavateľské údaje: Berlin Jm Verlag der Buchhandlung der Realschule 1776
Predmet:

MARC

LEADER 00000nam a2200000 a 4500
001 vtls010644120
003 SK-MaSNL
005 20260301215319.0
008 251112s1776 gw 000 0 ger
035 |a DA13F475-6BE2-4510-A54D-AF7B1D0837C6 
035 |a urn:nbn:sk:snk-amloip 
035 |a urn:nbn:sk:snk-am00by66 
040 |a SNK  |b slo  |c SNK  |e AACR2 
041 0 |a ger 
044 |a gw  |c DE 
072 7 |a 314  |x Demografia. Populácia  |2 konspekt 
072 7 |a 311  |x Štatistika  |2 konspekt 
080 |a 311+519.2  |2 2008 
080 |a 314  |2 2008 
080 |a (048.8)  |2 2008 
100 1 |a Süssmilch, Johann Peter,  |d 1707-1767  |4 aut  |9 337214 
245 1 4 |a Die go[e]ttliche Ordnung in den Vera[e]nderungen des menschlichen Geschlechts, aus der Geburt, dem Tode und der Fortpflanzung desselben  |n D‬ritter Theil  |c erwiesen von Johann Peter Su[e]ßmilch 
260 |a Berlin  |b Jm Verlag der Buchhandlung der Realschule  |c 1776 
300 |a XVI, 735, 68 s.  |c 19 cm 
546 |a Nemčina  |b Fraktúra 
561 |a Okrúhla pečiatka: Dar Martina Hamuljaka Matici slovenskej  |5 SNK ID 65472/3 
561 |a Okrúhla pečiatka: Nyitra Vármegyei Muzeum 1900  |5 SNK ID 65472/3 
561 |a Pečiatka: Matica slovenská Knižnica Martin 12. III. 1976 F 314  |5 SNK ID 65472/3 
650 0 7 |a štatistika  |2 snkph  |9 778 
650 0 7 |a demografia  |2 snkph  |9 3827 
655 7 |a monografie  |2 snkph  |9 70139 
700 1 |a Hamuljak, Martin,  |d 1789-1859  |4 fmo  |9 79936 
710 2 |a Die Buchhandlung der Realschule  |c Berlin  |4 pbl  |9 604954 
752 |a Nemecko  |d Berlin 
852 |a snk  |b Historické fondy  |p ID 65472/3 
958 |a ONDV 
999 |c 927739  |d 929669 
952 |t Ham 420  |a SNK  |b SNK  |c SNK_HF  |y PREZ  |7 0  |p 17A1126937  |o snkID 65472/3  |i snk1976/314  |8 5  |0 0  |1 0  |4 0  |d 2014-12-18  |f 1  |l 0  |r 2026-02-24 08:38:30  |w 2026-02-24